[Event "Scarborough CC-ch Reserves U1400"]
[Site "Toronto"]
[Date "2012.04.12"]
[Round "4"]
[White "Paraparan, Varshini"]
[Black "Magee, Bruce"]
[Result "1/2-1/2"]
[WhiteElo "1141"]
[BlackElo "858"]
[PlyCount "71"]
[EventDate "2012.03.22"]
[EventType "swiss"]
[EventRounds "9"]
[EventCountry "CAN"]
[SourceTitle "EXT 2022"]
[Source "ChessBase"]
[SourceDate "2021.10.06"]
[SourceVersion "1"]
[SourceVersionDate "2021.10.06"]
[SourceQuality "1"]

1. e4 b6 2. d4 Bb7 3. Nc3 Nf6 4. e5 Nd5 5. Nxd5 Bxd5 6. Nf3 e6 7. Bd3 h6 8. c3 Nc6 9. 0-0 Qe7 10. Re1 0-0-0 11. Ba6+ Kb8 12. a4 f6 13. b4 Re8 14. a5 fxe5 15. Nxe5 Nxe5 16. Rxe5 Qf6 17. axb6 Qg6 18. bxa7+ Ka8 19. Bf1 Bd6 20. Re1 Bf3 21. Qxf3+ c6 22. Bd3 Qf6 23. Qxf6 gxf6 24. Be4 f5 25. Bf3 h5 26. b5 Rc8 27. bxc6 dxc6 28. Rxe6 Rhd8 29. Bg5 Rd7 30. Re8 Rdc7 31. Rxc8+ Rxc8 32. Bxh5 Rc7 33. Bf3 Bxh2+ 34. Kxh2 f4 35. Bxf4 Rb7 36. Bxc6 1/2-1/2

[Event "Scarborough CC-ch Reserves U1400"]
[Site "Toronto"]
[Date "2012.04.05"]
[Round "3"]
[White "Magee, Bruce"]
[Black "Feng, Richard"]
[Result "1-0"]
[WhiteElo "1022"]
[BlackElo "858"]
[PlyCount "82"]
[EventDate "2012.03.22"]
[EventType "swiss"]
[EventRounds "9"]
[EventCountry "CAN"]
[SourceTitle "EXT 2022"]
[Source "ChessBase"]
[SourceDate "2021.10.06"]
[SourceVersion "1"]
[SourceVersionDate "2021.10.06"]
[SourceQuality "1"]

1. c4 c5 2. Nc3 d6 3. d4 cxd4 4. Qxd4 Nc6 5. Qd3 Nf6 6. Bg5 Nb4 7. Qd2 Bf5 8. e4 Nxe4 9. Nxe4 Bxe4 10. Qxb4 g6 11. c5 Bc6 12. 0-0-0 f6 13. Bh4 Qc7 14. Bg3 Bh6+ 15. Kb1 dxc5 16. Bxc7 cxb4 17. Bc4 Rc8 18. Nf3 Rxc7 19. Rd4 e5 20. Re1 b5 21. Bb3 Bxf3 22. gxf3 Ke7 23. Rxb4 Bd2 24. Rbe4 Bxe1 25. Rxe1 h5 26. Rg1 Rhc8 27. h4 a5 28. a4 bxa4 29. Bxa4 Rc4 30. Bb5 Rxh4 31. Rxg6 Rh1+ 32. Ka2 Rh2 33. Rg7+ Ke6 34. Bd7+ Kd6 35. Bxc8 Kd5 36. Rf7 h4 37. Rxf6 Rxf2 38. Rh6 Rxf3 39. Bb7+ Kd4 40. Bxf3 e4 41. Rxh4 Ke3 1-0

[Event "Scarborough CC-ch Reserves U1400"]
[Site "Toronto"]
[Date "2012.03.22"]
[Round "1"]
[White "Pakerathan, Thurvan"]
[Black "Magee, Bruce"]
[Result "1-0"]
[WhiteElo "947"]
[BlackElo "858"]
[PlyCount "79"]
[EventDate "2012.03.22"]
[EventType "swiss"]
[EventRounds "9"]
[EventCountry "CAN"]
[SourceTitle "EXT 2022"]
[Source "ChessBase"]
[SourceDate "2021.10.06"]
[SourceVersion "1"]
[SourceVersionDate "2021.10.06"]
[SourceQuality "1"]

1. e4 e5 2. Nf3 d6 3. h3 Nf6 4. Nc3 a6 5. Be2 Nc6 6. 0-0 Be6 7. Re1 d5 8. d4 Bd6 9. exd5 Bxd5 10. Bg5 Bxf3 11. Bxf3 h6 12. Bxc6+ bxc6 13. Bf4 e4 14. Bxd6 Qxd6 15. Nxe4 Nxe4 16. Rxe4+ Kf8 17. Qd3 Re8 18. Rae1 Rxe4 19. Rxe4 h5 20. Qxa6 g6 21. Qc8+ Kg7 22. Qb7 f5 23. Re1 Kh6 24. c3 Rh7 25. Qb4 Qd5 26. Qb3 Rd7 27. Qxd5 cxd5 28. a4 c6 29. Re6 Ra7 30. Rxc6 Rxa4 31. Rc5 Ra2 32. b4 Rc2 33. Rxd5 Rxc3 34. b5 Rb3 35. Rc5 f4 36. d5 Kg5 37. d6+ Kh4 38. d7 g5 39. d8Q Rb1+ 40. Kh2 1-0

[Event "Scarborough CC Winter End U1400"]
[Site "Toronto"]
[Date "2012.03.15"]
[Round "5"]
[White "Pulogarajah, Kaarthic"]
[Black "Magee, Bruce"]
[Result "0-1"]
[WhiteElo "1015"]
[BlackElo "792"]
[PlyCount "102"]
[EventDate "2012.02.16"]
[EventType "swiss"]
[EventRounds "5"]
[EventCountry "CAN"]
[SourceTitle "EXT 2022"]
[Source "ChessBase"]
[SourceDate "2021.10.06"]
[SourceVersion "1"]
[SourceVersionDate "2021.10.06"]
[SourceQuality "1"]

1. e4 Nf6 2. e5 Nd5 3. d4 d6 4. Nf3 dxe5 5. dxe5 Bf5 6. Bd3 Bxd3 7. cxd3 Nc6 8. 0-0 e6 9. a3 h6 10. d4 Be7 11. Nc3 g5 12. Re1 Nxc3 13. bxc3 Qd5 14. Rb1 b6 15. a4 0-0-0 16. Qb3 Qxb3 17. Rxb3 g4 18. Nd2 a5 19. Re4 h5 20. Ba3 Bxa3 21. Rxa3 Rdg8 22. Rb3 h4 23. Rf4 Rg7 24. Ne4 Ne7 25. c4 Nf5 26. Rd3 Rd8 27. d5 Ne7 28. d6 Nc6 29. d7+ Rxd7 30. Rxd7 Kxd7 31. Nf6+ Ke7 32. Nxg4 Rg8 33. h3 Rh8 34. c5 Nb4 35. cxb6 cxb6 36. Rc4 Nd5 37. Rd4 Rd8 38. f4 Rb8 39. Nh6 Ne3 40. Kf2 Nf5 41. Nxf5+ exf5 42. Rd6 b5 43. axb5 Rxb5 44. Rf6 a4 45. Rxf5 Rb2+ 46. Kf3 a3 47. e6 f6 48. Ra5 a2 49. Rxa2 Rxa2 50. Kg4 Rxg2+ 51. Kxh4 Kxe6 0-1

[Event "Scarborough CC Frost U1400"]
[Site "Toronto"]
[Date "2012.01.19"]
[Round "3"]
[White "Roy, Harrison"]
[Black "Magee, Bruce"]
[Result "0-1"]
[WhiteElo "879"]
[BlackElo "627"]
[PlyCount "24"]
[EventDate "2012.01.05"]
[EventType "swiss"]
[EventRounds "6"]
[EventCountry "CAN"]
[SourceTitle "EXT 2022"]
[Source "ChessBase"]
[SourceDate "2021.10.06"]
[SourceVersion "1"]
[SourceVersionDate "2021.10.06"]
[SourceQuality "1"]

1. e4 e5 2. Nf3 Nc6 3. Bb5 a6 4. Ba4 Bc5 5. Nc3 Nf6 6. Bxc6 dxc6 7. Nxe5 Qd4 8. Ng4 Nxg4 9. Qxg4 Bxg4 10. 0-0 0-0-0 11. Re1 Qxf2+ 12. Kh1 Qxe1# 0-1